00469nam a2200193Ia 4500003000400000005001700004008004100021020001700062040000700079041000800086082001500094100003000109245005700139260004500196300000700241365000800248440000600256650001300262OSt20230425165036.0210423s1997 xx 000 0 und d a812069846213 cAL aeng a575.1 BAHP aBAHL (P N);SALIMATH (P M) aGenetics cytogenetics and breeding of crop plants.V1 aNew DelhibOxford University Pressc1997 bPB cINR v1 aGenetics